| 000 | 00506cam a2200205ua 4500 | ||
|---|---|---|---|
| 001 | 7002 | ||
| 005 | 20260515114136.0 | ||
| 008 | 141118n ii |||gr||||Z||||||eng | ||
| 020 | _a9788125045502 | ||
| 040 | _cMAIN | ||
| 041 | _aeng | ||
| 082 | _a320 | ||
| 100 |
_aChaube, S.K. , _eAuthor. |
||
| 245 | 1 |
_aHill politics in north east India _cBy S.K. Chaube |
|
| 250 | _a3rd rev. | ||
| 260 |
_aHyderabad: _bOrient blackswan, _c2012. |
||
| 300 | _axiv,280p. | ||
| 653 | _aNorth east politics | ||
| 942 | _cBK | ||
| 999 |
_c6138 _d6138 |
||